000
00307nam a2200133Ia 4500
005
20251222143312.0
008
251222s9999||||xx |||||||||||||| ||spa||
020
_a
9972600963
082
_a
232.91/A79
245
0
_a
La Inmaculada Concepción:
250
_a
1ra.ed.
264
_b
Ediciones VE
942
_c
LIB
999
_c
15740
_d
15740